<?xml version="1.0" encoding="UTF-8"?>
<collection xmlns="http://www.loc.gov/MARC21/slim">
  <record>
    <leader>00000nam  2200000   4500</leader>
    <controlfield tag="001">INLIS000000000004073</controlfield>
    <controlfield tag="005">20251117124733</controlfield>
    <datafield tag="035" ind1="#" ind2="#">
      <subfield code="a">0010-0625000278</subfield>
    </datafield>
    <controlfield tag="007">ta</controlfield>
    <controlfield tag="008">251117################f##########0#ind##</controlfield>
    <datafield tag="082" ind1="#" ind2="#">
      <subfield code="a">304.609 598 3</subfield>
    </datafield>
    <datafield tag="084" ind1="#" ind2="#">
      <subfield code="a">304.609 598 3 BAD p</subfield>
    </datafield>
    <datafield tag="245" ind1="1" ind2="#">
      <subfield code="a">Profil Kependudukan Indonesia Propinsi Kalimantan Timur :</subfield>
      <subfield code="b">Kerjasama Kantor Menteri Negara Kependudukan dan Kepala BKKBN Dengan Kanwil BKKBN Propinsi Kalimantan Timur dan Lembaga Penelitian Universitas Mulawarman /</subfield>
      <subfield code="c">BADAN KOORDINASI KELUARGA BERENCANA NASIONAL PROPINSI KALIMANTAN TIMUR</subfield>
    </datafield>
    <datafield tag="260" ind1="#" ind2="#">
      <subfield code="a">Samarinda :</subfield>
      <subfield code="b">Badan Koordinasi Keluarga Berencana Nasional Propinsi Kalimantan Timur,</subfield>
      <subfield code="c">1996</subfield>
    </datafield>
    <datafield tag="300" ind1="#" ind2="#">
      <subfield code="a">252 hlm. :</subfield>
      <subfield code="b">ilus.</subfield>
    </datafield>
    <datafield tag="650" ind1="#" ind2="4">
      <subfield code="a">Kependudukan</subfield>
    </datafield>
    <datafield tag="110" ind1="2" ind2="#">
      <subfield code="a">BADAN KOORDINASI KELUARGA BERENCANA NASIONAL PROPINSI KALIMANTAN TIMUR</subfield>
    </datafield>
    <datafield tag="651" ind1="#" ind2="4">
      <subfield code="a">Kalimantan Timur</subfield>
    </datafield>
    <datafield tag="710" ind1="2" ind2="#">
      <subfield code="a">Lembaga Penelitian Universitas Mulawarman</subfield>
    </datafield>
    <datafield tag="856" ind1="#" ind2="#">
      <subfield code="a">Perpustakaan Kemendukbangga</subfield>
    </datafield>
  </record>
</collection>
